000 00287nam a22001337a 4500
008 170201b xxu||||| |||| 00| 0 eng d
020 _a9780397587698
041 _aeng
080 _a61
100 _a3
101 _aSHM
245 _aDISEASES OFTHE LIVER
_cSCHIFFF E.R
942 _2udc
_cBK
999 _c4190
_d4190